Daně při soukromém podnikání 1

Na minha lista:
Detalhes bibliográficos
Formato: Livro
Idioma:tcheco
Publicado em: Frýdek-Místek Ekonkonzult 1991
Edição:1. vyd.
Assuntos:
Tags: Adicionar Tag
Sem tags, seja o primeiro a adicionar uma tag!

MARC

LEADER 00000nam a2200000 4500
001 c001064
005 20250826122947.9
020 |a 80-900749-5-2 
041 0 |a cze 
044 |a CZ 
245 1 0 |a Daně při soukromém podnikání 1 
250 |a 1. vyd. 
264 1 |a Frýdek-Místek  |b Ekonkonzult  |c 1991 
300 |a 116 s.  |e 3 príl. 
610 2 0 |a dane podnikové 
610 2 0 |a podnik súkromný 
610 2 0 |a podnikanie súkromné 
610 2 0 |a dane z príjmov 
610 2 0 |a dane dôchodkové 
610 2 0 |a dane poľnohospodárske 
610 2 0 |a dane domové 
610 2 0 |a dane zo mzdy 
610 2 0 |a zákony 
610 2 0 |a predpisy právne 
610 2 0 |a ČSFR